Tilastot visalle Kirjaimella P alkavien valtioiden liput

Klikkaa tästä pelataksesi tätä visaa!

Yleistilastot

  • Tätä visaa on pelattu 12 kertaa
  • Keskiarvotulos 9 / 11

Vastaustilastot

Vastaus% Oikein
Pakistan
100%
Puola
100%
Palau
91%
Panama
91%
Peru
91%
Pohjois-Korea
91%
Portugali
91%
Papua-Uusi-Guinea
82%
Paraguay
82%
Pohjois-Makedonia
82%
Päiväntasaajan Guinea
45%

Tulosjakauma

Persentiili vastausten määrän mukaan

Jokaisen tuloksen saaneiden osuus

Tuloshistoriasi

Et ole pelannut tätä visaa